000 00492nam a22001817a 4500
003 OSt
005 20211021161126.0
008 211021b |||||||| |||| 00| 0 eng d
020 _a92510085890
040 _cHAWASSA UNIVERSITY
050 _a631.45/GIL
_b1
082 _a631.45/GIL
_b1
100 _aGIL N.
_914961
245 _aWATERSHED DEVELOPMENT WITH SPECIAL REFRENCE TO SOIL AND WATER CONSERVATION
260 _aROME
_bUNITED NATIONS
_c1985
300 _aX/257
942 _2ddc
_cBOOKS
_n0
999 _c14220
_d14220